000 00633cam a2200181 4500
008 030912s1998 sp 000 0 spa u
020 _a8480027673
035 _aa431853
050 0 4 _aKJA2700
_bP36 1998
100 1 _aPanero Gutiérrez, Ricardo.
245 1 3 _aLa experiencia jurídica de Roma. Su proyección en el umbral del s. xxi /
_cRicardo Panero Gutiérrez.
250 _a1a ed.
260 _aEspaña :
_bTirant lo Blanch,
_c1998
300 _a55 páginas ;
_c21 cm.
500 _aRecursos de la Dirección General de Bibliotecas
504 _aIncluye bibliografías
650 1 0 _aAdministración de justicia
_zRoma
_xHistoria
942 _2lcc
_cLIB
999 _c139928
_d139926